000 00705nam a2200169 a 4500
001 000013420
003 DO-SdBNP
005 20210601164115.0
008 091124s1974 dr 000 0 spa d
040 _aDO-SdBNP
_bspa
_cBNPHU
049 _aBNPD
082 _axxx
_bM548
245 1 0 _aMensaje leído por el excelentísimo señor presidente de la República, Doctor Joaquín Balaguer, ante el Congreso Nacional, el 27 de febrero de 1975, en ocasión de presentar las memorias de los diversos departamentos de la administración pública, correpondientes al ejercicio del año 1974. /
_cJoaquín Balaguer.
260 _aSanto Domingo :
_bMarrero,
_c1974.
300 _a48 p. ;
_c21 cm.
942 _2ddc
_cLBS1
999 _c13046
_d13046